| 000 | 01500nam a2200241Ia 4500 | ||
|---|---|---|---|
| 999 |
_c38103 _d38103 |
||
| 001 | 4091 | ||
| 003 | GE_BSU | ||
| 005 | 20190917142959.0 | ||
| 008 | 181216s1964||||ge |||||||||||||| ||geo|| | ||
| 040 | _cGE_BSU | ||
| 041 | _ageo | ||
| 080 | _a398(479.22)+821.353.1 უ–43 | ||
| 100 |
_aუმიკაშვილი, პეტრე _94061 |
||
| 245 |
_aხალხური სიტყვიერება ოთხ ტომად : _bტ.1: პოეზია : საგმირო ლექსები, საისტორიო ლექსები, რელიგიური ლექსები, საყოფაცხოვრებო ლექსები / _cპეტრე უმიკაშვილი ; მ. ჩიქოვანის წინასიტყვ. და რედ.; საქ. სსრ მეცნ. აკად., შ. რუსთაველის სახ. ქართული ლიტერატურის ინ-ტი. |
||
| 250 | _aმე–2 გამოცემა | ||
| 264 |
_aთბილისი : _bლიტერატურა და ხელოვნება, _c1964. |
||
| 300 |
_a378 გვ. ; _b20 სმ. |
||
| 653 | _aპოეზია | ||
| 653 | _aლექსები | ||
| 700 |
_aჩიქოვანი, მ. _eრედაქტორი _93977 |
||
| 710 |
_aსაქ. სსრ მეცნ. აკად. _bქართ. ლიტერატურის ინ-ტი _93979 |
||
| 942 |
_cBK _2udc |
||